[Event "23rd Dubai Open 2023"]
[Site "Dubai UAE"]
[Date "2023.06.01"]
[Round "6.39"]
[White "Al Hosani, Omran"]
[Black "Mkrtchyan, Mariam"]
[Result "1/2-1/2"]
[WhiteTitle "IM"]
[BlackTitle "WIM"]
[WhiteElo "2270"]
[BlackElo "2360"]
[WhiteFideId "9308733"]
[BlackFideId "13310828"]
[EventDate "2023.05.27"]

1. e4 e5 2. Nf3 Nc6 3. Bc4 Bc5 4. c3 Nf6 5. d4 exd4 6. e5 d5 7. Bb5 Ne4 8. cxd4
Bb6 9. h3 O-O 10. O-O f6 11. Nc3 Ne7 12. Re1 fxe5 13. Nxe4 dxe4 14. Rxe4 Bf5 15.
Rxe5 Ng6 16. Bc4+ Kh8 17. Re1 h6 18. Be3 Qf6 19. Bd3 Ne7 20. Ne5 Rad8 21. Bxf5
Qxf5 22. Nf3 Nc6 23. Nh4 Qf6 24. Qg4 Rd6 25. d5 Ne7 26. Bxb6 axb6 27. Rxe7 Qxe7
28. Ng6+ Rxg6 29. Qxg6 Qc5 30. Qg3 Qxd5 31. Qxc7 Qd4 32. Rf1 Qxb2 33. Qxb7 Qxa2
34. Qxb6 Qd2 35. Qc5 Re8 36. Qc6 Rf8 37. Qe4 Qb2 38. Qe3 Qf6 39. Rd1 Qf5 40. Rd4
Qb1+ 41. Kh2 Qb8+ 42. f4 Qc7 43. Qe5 Qf7 44. Rb4 Kh7 45. Qe4+ Kh8 46. Rb7 Qxf4+
47. Qxf4 Rxf4 1/2-1/2

[Event "23rd Dubai Open 2023"]
[Site "Dubai UAE"]
[Date "2023.06.01"]
[Round "6.40"]
[White "Lim, Zhuo Ren"]
[Black "Eric, Jovana"]
[Result "1-0"]
[WhiteTitle "FM"]
[BlackTitle "WGM"]
[WhiteElo "2294"]
[BlackElo "2217"]
[WhiteFideId "5702488"]
[BlackFideId "938238"]
[EventDate "2023.05.27"]

1. d4 d5 2. c4 c6 3. Nf3 Nf6 4. Nc3 g6 5. cxd5 cxd5 6. h3 Bg7 7. Bf4 O-O 8. e3
Nc6 9. Be2 b6 10. O-O Bb7 11. Qa4 a6 12. Rfc1 b5 13. Qd1 Ne4 14. Bd3 Nb4 15. Bb1
Rc8 16. Qe1 e6 17. a3 Nxc3 18. Rxc3 Rxc3 19. Qxc3 Nc6 20. Bd3 Qd7 21. Rc1 Rc8
22. Qe1 f6 23. Bg3 e5 24. dxe5 Nxe5 25. Rxc8+ Qxc8 26. Bxe5 fxe5 27. e4 dxe4 28.
Bxe4 Bxe4 29. Qxe4 Qc1+ 30. Ne1 h6 31. h4 Kh7 32. h5 Qg5 33. g4 Qf6 34. Nf3 Kh8
35. hxg6 Kg8 36. Kg2 Kf8 37. b3 Ke8 38. a4 bxa4 39. Qxa4+ Kd8 40. Qe4 Kc7 41.
Qc4+ Kd7 42. Qd5+ Ke7 43. Qe4 Kd8 44. Kg3 Kc7 45. Nd2 Bf8 46. Qf5 Qe7 47. Ne4
Bg7 48. Kh3 Kc6 49. Ng3 Bf8 50. Qc8+ Kb6 51. Nf5 Qf6 52. Qb8+ Kc6 53. Qe8+ Kc5
54. Qa4 h5 55. Qa5+ 1-0

[Event "23rd Dubai Open 2023"]
[Site "Dubai UAE"]
[Date "2023.06.02"]
[Round "7.1"]
[White "Aravindh, Chithambaram VR."]
[Black "Matlakov, Maxim"]
[Result "1/2-1/2"]
[WhiteTitle "GM"]
[BlackTitle "GM"]
[WhiteElo "2633"]
[BlackElo "2662"]
[WhiteFideId "5072786"]
[BlackFideId "4168003"]
[EventDate "2023.05.27"]

1. e4 c5 2. Nf3 Nc6 3. Nc3 e5 4. Bc4 Be7 5. d3 d6 6. h3 Nf6 7. Nh2 a6 8. a4 Be6
9. Ng4 O-O 10. Nd5 Nxg4 11. hxg4 Bg5 12. Bxg5 Qxg5 13. Ne3 g6 14. c3 Rad8 15. g3
Rd7 16. Qe2 Rb8 17. Qf1 Bxc4 18. dxc4 Qd8 19. Nd5 f6 20. f4 exf4 21. gxf4 Rf7
22. O-O-O Ne7 23. f5 Nxd5 24. fxg6 hxg6 25. Qh3 Rg7 26. Rxd5 Qc7 27. g5 Rh7 28.
Qxh7+ Qxh7 29. Rxh7 Kxh7 30. gxf6 Re8 31. Rxd6 Rxe4 32. f7 Rf4 33. Rd7 Kg7 34.
Rxb7 g5 35. Rc7 Rf5 36. b4 g4 37. Re7 g3 38. Re3 Rg5 39. Rf3 Kf8 40. Rf1 cxb4
41. cxb4 Rg4 42. Kb2 1/2-1/2

[Event "23rd Dubai Open 2023"]
[Site "Dubai UAE"]
[Date "2023.06.02"]
[Round "7.2"]
[White "Sargsyan, Shant"]
[Black "Yu, Yangyi"]
[Result "0-1"]
[WhiteTitle "GM"]
[BlackTitle "GM"]
[WhiteElo "2630"]
[BlackElo "2729"]
[WhiteFideId "13306766"]
[BlackFideId "8603820"]
[EventDate "2023.05.27"]

1. d4 d5 2. c4 c6 3. Nf3 Nf6 4. e3 Bf5 5. Nc3 e6 6. Nh4 Bg6 7. Nxg6 hxg6 8. Qb3
Qc7 9. g3 Nbd7 10. Bg2 Be7 11. O-O O-O 12. cxd5 exd5 13. f3 a5 14. Rd1 b5 15.
Ne2 Qb6 16. g4 g5 17. Kh1 Rfe8 18. Bd2 Bb4 19. Nc3 Rad8 20. a3 Bd6 21. h3 Nf8
22. Ne2 Ng6 23. Rac1 Re6 24. e4 dxe4 25. Bxg5 a4 26. Qc3 Qb8 27. Bxf6 exf3 28.
Bxf3 Rxf6 29. g5 Rf5 30. Qxc6 Re8 31. Rf1 Rxg5 32. Nc3 Ne7 33. Qd7 Rd8 34. Qb7
Nf5 35. Ne2 Ne3 36. Qxb8 Bxb8 37. Rfe1 Rf5 38. Ng1 Nc4 39. Rc2 Ba7 40. Be4 Rh5
41. Bd3 Bxd4 42. Bxc4 bxc4 43. Rd1 Rhd5 44. Nf3 c3 45. bxc3 Bc5 46. Rxd5 Rxd5
47. Kg2 f6 48. h4 Rd3 49. Ne1 Re3 50. Nf3 Bxa3 51. Ra2 Rxc3 52. h5 Kh7 53. Nd4
Rc4 54. Nf5 Bc5 55. Kf3 a3 56. Rd2 Ra4 57. Rd7 a2 58. Rxg7+ Kh8 0-1

[Event "23rd Dubai Open 2023"]
[Site "Dubai UAE"]
[Date "2023.06.02"]
[Round "7.4"]
[White "Sindarov, Javokhir"]
[Black "Salem, A.R. Saleh"]
[Result "1/2-1/2"]
[WhiteTitle "GM"]
[BlackTitle "GM"]
[WhiteElo "2661"]
[BlackElo "2677"]
[WhiteFideId "14205483"]
[BlackFideId "9301348"]
[EventDate "2023.05.27"]

1. e4 c6 2. d4 d5 3. Nd2 dxe4 4. Nxe4 Nf6 5. Nxf6+ exf6 6. Bc4 Be7 7. Ne2 O-O 8.
O-O Nd7 9. a4 a5 10. c3 f5 11. Re1 Bd6 12. Bf4 Nb6 13. Bb3 Re8 14. Bxd6 Qxd6 15.
Nf4 Rxe1+ 16. Qxe1 Bd7 17. Nd3 Re8 18. Qd2 Kf8 19. h3 h6 20. Re1 Rxe1+ 21. Qxe1
Qe7 22. Qd2 Qg5 23. Qe2 Qe7 24. Qf3 Nc8 25. Qf4 Nd6 26. c4 g5 27. Qd2 b6 28. c5
Ne4 29. Qe1 bxc5 30. dxc5 Be6 31. Bc2 Qd8 32. b4 Bb3 33. Bb1 Bxa4 34. bxa5 Bb5
35. Nb4 Qxa5 36. Bxe4 fxe4 37. Qxe4 Qa1+ 38. Kh2 Qf6 39. f3 Kg7 40. Nc2 Qc3 41.
Qd4+ Qxd4 42. Nxd4 Kf6 43. g4 Ke5 44. Nf5 h5 45. Nd6 hxg4 46. Nxf7+ Kf6 47. Nd8
gxf3 48. Kg3 Ke7 49. Nb7 Be2 50. Na5 Kd7 51. Kf2 Bd1 52. Kg3 Be2 53. Kf2 Bd1 54.
Kg3 Be2 1/2-1/2

[Event "23rd Dubai Open 2023"]
[Site "Dubai UAE"]
[Date "2023.06.02"]
[Round "7.5"]
[White "Murzin, Volodar"]
[Black "Niemann, Hans Moke"]
[Result "1-0"]
[WhiteTitle "GM"]
[BlackTitle "GM"]
[WhiteElo "2604"]
[BlackElo "2708"]
[WhiteFideId "44155573"]
[BlackFideId "2093596"]
[EventDate "2023.05.27"]

1. e4 c5 2. Nf3 d6 3. d4 cxd4 4. Nxd4 Nf6 5. Nc3 a6 6. Be3 e5 7. Nb3 Be6 8. f3
h5 9. Qd2 Nbd7 10. Nd5 Nxd5 11. exd5 Bf5 12. Na5 Be7 13. c4 Rb8 14. Be2 Bh4+ 15.
g3 Bf6 16. O-O e4 17. fxe4 Bxe4 18. Rae1 Ne5 19. b4 h4 20. Rf4 Bg6 21. c5 hxg3
22. hxg3 Kf8 23. Nc4 Qc8 24. Bg4 Nxg4 25. Nb6 Be4 26. Rxe4 Qf5 27. Bf4 Kg8 28.
Bxd6 Bc3 29. Qf4 Qh5 30. Re8+ Rxe8 31. Rxe8+ Kh7 32. Rxh8+ Kxh8 33. Nc4 Qh2+ 34.
Kf1 Qh1+ 35. Ke2 Qe1+ 36. Kd3 Nf2+ 37. Kc2 Bf6 38. Qd2 Qa1 39. Kb3 Qb1+ 40. Nb2
Nd1 41. Qc2 Qxc2+ 42. Kxc2 Ne3+ 43. Kb3 Nxd5 44. Nc4 Bd8 45. Ne5 Kg8 46. c6 bxc6
47. Nxc6 Bb6 48. a4 f6 49. a5 Bc7 50. Kc4 Bxd6 51. Kxd5 Bc7 52. Nd4 Kf7 53. g4
g6 54. Ne6 Bg3 55. b5 axb5 56. a6 Bb8 57. Nd8+ Ke8 58. Nc6 Kd7 59. Nxb8+ Kc7 60.
Nc6 f5 61. g5 1-0

[Event "23rd Dubai Open 2023"]
[Site "Dubai UAE"]
[Date "2023.06.02"]
[Round "7.6"]
[White "Bernadskiy, Vitaliy"]
[Black "Iturrizaga Bonelli, Eduardo"]
[Result "1/2-1/2"]
[WhiteTitle "GM"]
[BlackTitle "GM"]
[WhiteElo "2592"]
[BlackElo "2637"]
[WhiteFideId "14100371"]
[BlackFideId "3901211"]
[EventDate "2023.05.27"]

1. e4 c5 2. Nf3 Nc6 3. Bb5 e6 4. O-O Nge7 5. Re1 b6 6. c3 a6 7. Ba4 c4 8. Bc2
Ng6 9. b3 b5 10. a4 cxb3 11. Bxb3 b4 12. d4 Na5 13. Bc2 Rb8 14. Bd3 Qc7 15. cxb4
Bxb4 16. Nbd2 O-O 17. Rb1 Nc6 18. Qc2 Qa5 19. Nc4 Qh5 20. Re3 a5 21. h3 Ba6 22.
Bf1 Rfc8 23. Kh1 Nxd4 24. Nxd4 Bxc4 25. Bxc4 Qc5 26. Qd1 Qxc4 27. Bb2 Bc5 28.
Rc1 Qa2 29. Rb3 Rxb3 30. Qxb3 Qxb3 31. Nxb3 Rb8 32. Rxc5 Rxb3 33. Rc8+ Nf8 34.
Bd4 Rd3 35. Bc5 d6 36. Rd8 h6 37. e5 Kh7 38. exd6 Ng6 39. Ra8 Ne5 40. Rxa5 Rd5
41. Bb4 Rd1+ 42. Kh2 Nc6 43. Rb5 Nxb4 44. Rxb4 Rxd6 45. a5 Ra6 46. Ra4 Kg6 47.
Kg3 Kf5 48. h4 h5 49. f4 e5 50. Kf3 exf4 51. Rxf4+ Ke6 52. Ra4 Ke5 53. Ke3 f6
54. Ra1 Kf5 55. Kd4 Kg4 56. Kc5 Kxh4 57. Kb5 Ra8 58. Ra3 g5 59. a6 f5 60. Kb6 g4
61. Kb7 Re8 62. a7 f4 63. Rc3 f3 64. gxf3 gxf3 1/2-1/2

[Event "23rd Dubai Open 2023"]
[Site "Dubai UAE"]
[Date "2023.06.02"]
[Round "7.7"]
[White "Asadli, Vugar"]
[Black "Gupta, Abhijeet"]
[Result "0-1"]
[WhiteTitle "GM"]
[BlackTitle "GM"]
[WhiteElo "2584"]
[BlackElo "2630"]
[WhiteFideId "13405764"]
[BlackFideId "5010608"]
[EventDate "2023.05.27"]

1. e4 c5 2. Nf3 d6 3. d4 cxd4 4. Nxd4 Nf6 5. Nc3 a6 6. Bg5 Nbd7 7. Bc4 Qb6 8.
Bb3 e6 9. Qd2 Be7 10. O-O-O Nc5 11. f3 Qc7 12. g4 b5 13. a3 Rb8 14. Ba2 b4 15.
axb4 Rxb4 16. h4 Rb8 17. Be3 O-O 18. g5 Nh5 19. b4 Qb7 20. Qe1 Bd7 21. bxc5 dxc5
22. Nb3 c4 23. Qd2 Rfd8 24. Qd4 cxb3 25. Bxb3 a5 26. Qa7 Qc8 27. Rd3 Ra8 28. Qb6
a4 29. Ba2 Rb8 30. Qa7 Rb7 31. Qd4 Be8 0-1

[Event "23rd Dubai Open 2023"]
[Site "Dubai UAE"]
[Date "2023.06.02"]
[Round "7.8"]
[White "Iskandarov, Misratdin"]
[Black "Chigaev, Maksim"]
[Result "0-1"]
[WhiteTitle "GM"]
[BlackTitle "GM"]
[WhiteElo "2577"]
[BlackElo "2628"]
[WhiteFideId "13400312"]
[BlackFideId "4108116"]
[EventDate "2023.05.27"]

1. e4 c5 2. Nf3 Nc6 3. Bb5 g6 4. Bxc6 bxc6 5. d4 Bg7 6. dxc5 Qa5+ 7. Nbd2 Qxc5
8. O-O d6 9. Re1 Nf6 10. Nb3 Qb6 11. e5 dxe5 12. Nxe5 O-O 13. Qf3 Bb7 14. Be3 c5
15. Qh3 Rac8 16. Nd3 Ne4 17. f3 Nd6 18. Bf2 Bd4 19. Nxd4 cxd4 20. c3 Qb5 21. Ne5
Nf5 22. Rad1 f6 23. Nd3 dxc3 24. bxc3 Rfd8 25. Rxe7 h5 26. Bd4 Re8 27. a4 Qxa4
28. Ree1 Rxe1+ 29. Rxe1 Re8 30. Rf1 Nxd4 31. cxd4 Ba6 0-1

[Event "23rd Dubai Open 2023"]
[Site "Dubai UAE"]
[Date "2023.06.02"]
[Round "7.9"]
[White "Karthikeyan, Murali"]
[Black "Smirin, Ilia"]
[Result "0-1"]
[WhiteTitle "GM"]
[BlackTitle "GM"]
[WhiteElo "2627"]
[BlackElo "2599"]
[WhiteFideId "5074452"]
[BlackFideId "2801990"]
[EventDate "2023.05.27"]

1. e4 c5 2. Nf3 e6 3. d4 cxd4 4. Nxd4 a6 5. Bd3 Bc5 6. Nb3 Ba7 7. Qe2 Nc6 8. Be3
Nf6 9. Nc3 d6 10. Bxa7 Rxa7 11. O-O-O e5 12. Qe3 b5 13. Be2 O-O 14. Rd2 Be6 15.
Rhd1 Rd7 16. Kb1 Ne7 17. h3 Qc7 18. Nd5 Nexd5 19. exd5 Bf5 20. g4 Bg6 21. h4 Rc8
22. Rc1 h6 23. g5 Ne4 24. Rd3 h5 25. Bf3 f5 26. Qe2 Qb6 27. Re3 a5 28. Bxh5 Bxh5
29. Qxh5 a4 30. Qg6 Rdc7 31. Qxf5 axb3 32. Rxe4 bxc2+ 33. Ka1 Ra8 34. Re3 Qd4
35. Qe6+ Kh8 36. Ra3 Rac8 37. Qh3 Qxd5 38. Rd3 Qf7 39. Rxd6 Qxf2 40. g6 Qf4 41.
Qh1 e4 42. Re6 Rc4 43. a3 b4 44. b3 Qe3 0-1

[Event "23rd Dubai Open 2023"]
[Site "Dubai UAE"]
[Date "2023.06.02"]
[Round "7.10"]
[White "Xue, Haowen"]
[Black "Indjic, Aleksandar"]
[Result "1/2-1/2"]
[BlackTitle "GM"]
[WhiteElo "2335"]
[BlackElo "2618"]
[WhiteFideId "8625492"]
[BlackFideId "911925"]
[EventDate "2023.05.27"]

1. d4 Nf6 2. Nf3 e6 3. g3 c5 4. Bg2 cxd4 5. O-O d5 6. Nxd4 e5 7. Nb3 Be7 8. Bg5
Nbd7 9. e4 dxe4 10. Nc3 O-O 11. Nxe4 Nxe4 12. Bxe7 Qxe7 13. Bxe4 Nf6 14. Bg2 Bg4
15. Qd3 Rac8 16. c3 Qc7 17. Qe3 a5 18. Rfe1 Rfe8 19. Qa7 b6 20. Qxc7 Rxc7 21. h3
Bc8 22. Rad1 a4 23. Nd2 Kf8 24. Ne4 a3 25. Nd6 Rd8 26. Nb5 Rxd1 27. Rxd1 axb2
28. Nxc7 Bf5 29. Na8 b1=Q 30. Rxb1 Bxb1 31. a3 Nd7 32. Bc6 Ke7 33. Bxd7 Kxd7 34.
Nxb6+ Kc6 35. Nc4 f6 36. f3 Ba2 37. Nb2 Be6 38. h4 h6 39. Kf2 g5 40. Nd3 Kb5 41.
Ke3 Kc4 42. h5 Bc8 43. g4 Kxc3 44. Nf2 f5 45. gxf5 Bxf5 46. Ng4 Bd7 47. Nxh6 Be8
48. a4 Kb4 49. Ng4 Bxh5 50. Ke4 Be8 51. Nxe5 Bxa4 52. Kf5 Bd1 53. Kxg5 Bxf3 54.
Nxf3 1/2-1/2

[Event "23rd Dubai Open 2023"]
[Site "Dubai UAE"]
[Date "2023.06.02"]
[Round "7.11"]
[White "Kovalev, Vladislav"]
[Black "Yuffa, Daniil"]
[Result "1/2-1/2"]
[WhiteTitle "GM"]
[BlackTitle "GM"]
[WhiteElo "2612"]
[BlackElo "2592"]
[WhiteFideId "13504398"]
[BlackFideId "24131423"]
[EventDate "2023.05.27"]

1. e4 c5 2. Nf3 Nc6 3. d4 cxd4 4. Nxd4 Nf6 5. Nc3 e5 6. Ndb5 d6 7. Bg5 a6 8. Na3
b5 9. Nd5 Be7 10. Bxf6 Bxf6 11. c3 Bg5 12. Nc2 Rb8 13. a4 bxa4 14. Ncb4 Nxb4 15.
cxb4 O-O 16. Rxa4 a5 17. b5 Bd7 18. Nc3 d5 19. Nxd5 Be7 20. Nxe7+ Qxe7 21. Be2
Bxb5 22. Bxb5 Rxb5 23. O-O Rxb2 24. Rxa5 g6 25. Qd5 Rb4 26. Qxe5 Rxe4 27. Qxe7
Rxe7 28. g3 Kg7 29. Kg2 Rfe8 30. h4 Re1 31. Rxe1 1/2-1/2

[Event "23rd Dubai Open 2023"]
[Site "Dubai UAE"]
[Date "2023.06.02"]
[Round "7.12"]
[White "Vakhidov, Jakhongir"]
[Black "Adhiban, Baskaran"]
[Result "1-0"]
[WhiteTitle "GM"]
[BlackTitle "GM"]
[WhiteElo "2607"]
[BlackElo "2589"]
[WhiteFideId "14201801"]
[BlackFideId "5018471"]
[EventDate "2023.05.27"]

1. c4 Nf6 2. g3 g6 3. Bg2 Bg7 4. Nc3 O-O 5. d4 d6 6. Nf3 Nbd7 7. O-O e5 8. e4
exd4 9. Nxd4 Nc5 10. h3 Re8 11. Re1 h6 12. Nb3 Ne6 13. Qc2 a5 14. Be3 a4 15. Nd2
Ng5 16. g4 c6 17. Rad1 Ne6 18. Nxa4 Nd7 19. Nc3 g5 20. Nf3 Qe7 21. b3 Ne5 22.
Ne2 Nxf3+ 23. Bxf3 Be5 24. Bg2 Nf4 25. c5 dxc5 26. Nxf4 Bxf4 27. Bxc5 Rxa2 28.
Qxa2 Qxc5 29. e5 Be6 30. Qb2 Qb4 31. Qd4 Qxd4 32. Rxd4 c5 33. Rd6 Bxb3 34. Bxb7
Kg7 35. Bd5 Rxe5 36. Rxe5 Bxe5 37. Rd7 Bxd5 38. Rxd5 Bd4 39. Kf1 Kg6 40. Ke2 f6
41. f3 h5 42. Rd7 hxg4 43. hxg4 Bg1 44. Kd3 Bd4 45. Rc7 Bg1 46. Ke4 Bd4 47. Kd5
Bg1 48. Kc4 Bd4 49. Kb5 Be3 50. Ka6 Bd4 51. Kb7 f5 52. Rc6+ Bf6 53. Kb6 fxg4 54.
fxg4 Kf7 55. Kxc5 Be5 56. Kd5 Bf4 57. Ke4 Ke7 58. Kf5 Kf7 59. Rb6 Bd2 60. Rb7+
Kf8 61. Kg6 Bf4 62. Rf7+ Ke8 63. Rf5 Ke7 64. Rxg5 1-0

[Event "23rd Dubai Open 2023"]
[Site "Dubai UAE"]
[Date "2023.06.02"]
[Round "7.13"]
[White "Karthik, Venkataraman"]
[Black "Harsha, Bharathakoti"]
[Result "1-0"]
[WhiteTitle "GM"]
[BlackTitle "GM"]
[WhiteElo "2528"]
[BlackElo "2602"]
[WhiteFideId "25006479"]
[BlackFideId "5078776"]
[EventDate "2023.05.27"]

1. c4 e5 2. Nc3 Bb4 3. Nd5 Bc5 4. e3 Nf6 5. b4 Be7 6. Nxe7 Qxe7 7. Bb2 O-O 8. a3
a5 9. b5 d6 10. Ne2 Nbd7 11. Ng3 Nc5 12. Be2 a4 13. O-O c6 14. f4 Nb3 15. Rb1
Bd7 16. bxc6 bxc6 17. Qc2 Rfe8 18. Rbd1 Bg4 19. Bf3 Rac8 20. h3 Bd7 21. Be2 Kh8
22. fxe5 dxe5 23. Rf2 Ng8 24. Rdf1 Nh6 25. Bd3 Qh4 26. Ne4 Re7 27. Nd6 Rd8 28.
c5 f6 29. Be4 Be6 30. d4 exd4 31. exd4 Nf7 32. Rf4 Qg3 33. Nxf7+ Bxf7 34. Bxc6
Bg6 35. Qf2 Qxf2+ 36. R1xf2 Be8 37. Bf3 Bf7 38. Rc2 Bd5 39. Kf2 Kg8 40. Bxd5+
Rxd5 41. Re2 Red7 42. Ree4 Kf7 43. g4 g5 44. Rf5 Rxf5+ 45. gxf5 Rd5 46. Ke2 Na5
47. Re6 Rxf5 48. Ra6 Nc4 49. Bc1 Rd5 50. Kd3 1-0

[Event "23rd Dubai Open 2023"]
[Site "Dubai UAE"]
[Date "2023.06.02"]
[Round "7.14"]
[White "Sanal, Vahap"]
[Black "Davtyan, Artur"]
[Result "1-0"]
[WhiteTitle "GM"]
[BlackTitle "IM"]
[WhiteElo "2600"]
[BlackElo "2506"]
[WhiteFideId "6300545"]
[BlackFideId "13308327"]
[EventDate "2023.05.27"]

1. d4 d5 2. Nf3 Nf6 3. c4 e6 4. e3 c5 5. cxd5 exd5 6. Bb5+ Nc6 7. O-O cxd4 8.
exd4 Be7 9. Ne5 Bd7 10. Nxd7 Qxd7 11. Nc3 O-O 12. Re1 Rfe8 13. h3 a6 14. Bf1 Bb4
15. Rxe8+ Rxe8 16. Be3 Bxc3 17. bxc3 Na5 18. Qc2 Qc7 19. Qf5 Qxc3 20. Rc1 Qa3
21. Rc7 Nc4 22. Bg5 Nd6 23. Qc2 Nfe4 24. Be7 Qb4 25. Rd7 h6 26. a4 a5 27. Bxd6
Nxd6 28. Qc5 Qxc5 29. dxc5 Ne4 30. Rc7 g6 31. Bb5 Rb8 32. Kf1 Nc3 33. Bd7 d4 34.
Ke1 Kf8 35. Bg4 Nxa4 36. Kd2 b5 37. c6 Nc5 38. Ra7 Ne6 39. Bxe6 fxe6 40. Rh7 Kg8
41. c7 Rf8 42. Rd7 1-0

[Event "23rd Dubai Open 2023"]
[Site "Dubai UAE"]
[Date "2023.06.02"]
[Round "7.15"]
[White "Aditya, Mittal"]
[Black "Theodorou, Nikolas"]
[Result "1/2-1/2"]
[WhiteTitle "GM"]
[BlackTitle "GM"]
[WhiteElo "2522"]
[BlackElo "2591"]
[WhiteFideId "35042025"]
[BlackFideId "4262875"]
[EventDate "2023.05.27"]

1. e4 c5 2. Nf3 Nc6 3. Nc3 e5 4. Bc4 Be7 5. d3 d6 6. h3 Nf6 7. Nh2 Be6 8. Ng4
O-O 9. Nd5 Nd7 10. O-O Na5 11. f4 Nxc4 12. dxc4 exf4 13. Bxf4 Re8 14. Nge3 Bf8
15. Qf3 Kh8 16. Rad1 Rc8 17. Nf5 Rc6 18. b3 Qb8 19. Qg3 f6 20. Nc3 Ne5 21. Bxe5
dxe5 22. Rd3 Rcc8 23. a4 a6 24. Qh4 Rc7 25. Nd5 Rf7 26. Rg3 b5 27. axb5 axb5 28.
Qh5 bxc4 29. bxc4 Rb7 30. Nh4 Bf7 31. Ng6+ Bxg6 32. Rxg6 Rb1 33. Rxb1 Qxb1+ 34.
Kh2 Ra8 35. Rg4 Ra1 36. Qe8 Qg1+ 37. Kg3 Qe1+ 38. Kh2 Qg1+ 39. Kg3 1/2-1/2

[Event "23rd Dubai Open 2023"]
[Site "Dubai UAE"]
[Date "2023.06.02"]
[Round "7.16"]
[White "Mishra, Abhimanyu"]
[Black "Mosadeghpour, Masoud"]
[Result "1-0"]
[WhiteTitle "GM"]
[BlackTitle "GM"]
[WhiteElo "2550"]
[BlackElo "2479"]
[WhiteFideId "30920019"]
[BlackFideId "12519278"]
[EventDate "2023.05.27"]

1. e4 c5 2. Nf3 Nc6 3. Bb5 e6 4. O-O Nge7 5. d4 cxd4 6. Nxd4 Qb6 7. Nxc6 dxc6 8.
Bc4 Ng6 9. Kh1 e5 10. Qf3 Qc7 11. Rd1 Nf4 12. Bxf4 exf4 13. e5 Qxe5 14. Qb3 Bc5
15. Bxf7+ Ke7 16. Nc3 Bxf2 17. Bg8 Rxg8 18. Qxg8 f3 19. Qd8+ Kf7 20. gxf3 Qf4
21. Qd3 Bb6 22. Qe4 Qf6 23. Qe2 Bc7 24. Ne4 Qe5 25. f4 Qf5 26. Ng5+ Kf8 27. Re1
Qd5+ 28. Qg2 Qxg2+ 29. Kxg2 h6 30. Ne6+ Bxe6 31. Rxe6 Bxf4 32. Rd1 Re8 33. Rxe8+
Kxe8 34. h3 Ke7 35. Kf3 Bc7 36. Ke4 Ke6 37. Rd3 g5 38. Rb3 b6 39. Rc3 c5 40. Ra3
a5 41. Rf3 Bf4 42. c4 Bd6 43. a4 Be7 44. Rf5 Bf6 45. Rd5 h5 46. b3 Be7 47. Re5+
Kf6 48. Kd5 Bd8 49. Re8 Bc7 50. Rf8+ Kg6 51. Kc6 Be5 52. Kxb6 g4 53. hxg4 hxg4
54. Kxa5 g3 55. Rf1 Bd4 56. Kb6 1-0

[Event "23rd Dubai Open 2023"]
[Site "Dubai UAE"]
[Date "2023.06.02"]
[Round "7.17"]
[White "Anuj, Shrivatri"]
[Black "Lalit Babu M R"]
[Result "0-1"]
[WhiteTitle "IM"]
[BlackTitle "GM"]
[WhiteElo "2404"]
[BlackElo "2529"]
[WhiteFideId "35070924"]
[BlackFideId "5024595"]
[EventDate "2023.05.27"]

1. Nf3 d5 2. g3 c6 3. Bg2 Bg4 4. O-O e6 5. h3 Bh5 6. d3 Nd7 7. c4 Ngf6 8. cxd5
cxd5 9. Qb3 Nc5 10. Qb5+ Qd7 11. Qxd7+ Ncxd7 12. g4 Bg6 13. Bf4 Bc5 14. Nc3 Ke7
15. Rac1 Rac8 16. Rc2 Rc6 17. Rfc1 Rhc8 18. Be3 a6 19. g5 Ne8 20. Nd4 Bxd4 21.
Bxd4 Kd8 22. f4 Nd6 23. Kf1 b5 24. b4 Nf5 25. Bf2 R6c7 26. e4 dxe4 27. Bxe4 Ne7
28. Ke2 Bxe4 29. dxe4 Rc4 30. a3 f5 31. Kd3 e5 32. Be3 exf4 33. Bxf4 Ng6 34. Ke3
Nxf4 35. Kxf4 fxe4 36. Ke3 Ke8 37. Kd2 Ne5 38. h4 Nf3+ 39. Ke3 Nd4 40. Rb2 Nf5+
41. Kf4 Ne7 0-1

[Event "23rd Dubai Open 2023"]
[Site "Dubai UAE"]
[Date "2023.06.02"]
[Round "7.18"]
[White "Injac, Teodora"]
[Black "Romanov, Evgeny"]
[Result "1/2-1/2"]
[WhiteTitle "IM"]
[BlackTitle "GM"]
[WhiteElo "2402"]
[BlackElo "2578"]
[WhiteFideId "932400"]
[BlackFideId "4148843"]
[EventDate "2023.05.27"]

1. d4 e6 2. c4 Bb4+ 3. Bd2 a5 4. Nf3 d6 5. a3 Bxd2+ 6. Qxd2 Nd7 7. Nc3 Ngf6 8.
e4 e5 9. O-O-O exd4 10. Nxd4 Nc5 11. Bd3 O-O 12. Bc2 Nfd7 13. f4 Nb6 14. Qe2 Be6
15. Nxe6 fxe6 16. e5 Rxf4 17. g3 Rf7 18. h4 d5 19. cxd5 exd5 20. e6 Re7 21. Nxd5
Nxd5 22. Qh5 g6 23. Qxd5 Qxd5 24. Rxd5 Nxe6 25. Re1 Rae8 26. Rde5 Kf7 27. h5 Kf6
28. R5e3 Nd4 29. Rxe7 Rxe7 30. Rxe7 Kxe7 31. hxg6 hxg6 32. Bxg6 Ne2+ 33. Kc2
Nxg3 34. Kb3 Ne2 35. Ka4 b6 36. b4 axb4 37. axb4 Nd4 38. Ka3 Kd6 39. Bd3 Nf3 40.
Kb3 Kd5 41. Kc3 Ng5 42. Bg6 Ne4+ 43. Kd3 Nd6 44. Bh7 Ne8 45. Be4+ Ke5 46. Bc6
Ng7 47. Bf3 Ne6 48. Kc4 Ng5 49. Bg2 Ne4 50. Kd3 Nd6 51. Bc6 Nf5 52. Bg2 Ne7 53.
Kc4 Kd6 54. Be4 Nc6 55. Bg2 Ne5+ 56. Kd4 Ng4 57. Bf3 Nf6 58. Bg2 c6 59. Kc4 Nd5
60. Bh3 Nf4 61. Bg4 Ke5 62. Bd7 Kd6 63. Bg4 Ng2 64. Kd4 b5 65. Kc3 Ne3 66. Bh3
Nd5+ 67. Kb3 Ke5 68. Bd7 Ne7 69. Kc3 Ke4 70. Be8 Kd5 71. Bf7+ Kd6 72. Be8 Nd5+
73. Kb3 Nc7 74. Bh5 Ke5 75. Bf3 Nd5 76. Bh5 Kd4 77. Be8 Ne7 78. Bd7 Kd3 79. Be8
Kd2 80. Bd7 Ke3 81. Kc3 Ke4 82. Be8 Kd5 83. Bf7+ Kd6 84. Bh5 Nd5+ 85. Kb3 Ke5
86. Be8 Ne7 87. Kc3 Ke4 88. Bd7 Ke3 89. Be8 1/2-1/2

[Event "23rd Dubai Open 2023"]
[Site "Dubai UAE"]
[Date "2023.06.02"]
[Round "7.19"]
[White "Sviridov, Valery"]
[Black "Chanda, Sandipan"]
[Result "1/2-1/2"]
[BlackTitle "GM"]
[WhiteElo "2545"]
[BlackElo "2460"]
[WhiteFideId "4120680"]
[BlackFideId "5004225"]
[EventDate "2023.05.27"]

1. d4 f5 2. g3 Nf6 3. Bg2 g6 4. Nd2 Nc6 5. d5 Ne5 6. e4 d6 7. exf5 Bxf5 8. f4
Nf7 9. Ne2 c6 10. dxc6 bxc6 11. Nd4 Bd7 12. Nxc6 Qc7 13. Nd4 Rc8 14. O-O Bg7 15.
c3 e5 16. Nc2 Qb6+ 17. Kh1 O-O 18. Ne4 Nxe4 19. Bxe4 Bh3 20. Bg2 Bxg2+ 21. Kxg2
exf4 22. Rxf4 Ne5 23. Ne3 Rxf4 24. gxf4 Nf7 25. Nd5 Qb7 26. Qf3 Kh8 27. Nb4 Qb5
28. Qd3 Qb7+ 29. Qf3 Qb5 30. Qd3 Qb7+ 31. Qf3 Qb5 1/2-1/2